Sports Quiz

Random Sports or NBA Quiz
Score 0/44 Timer 08:00
1 Play Today
Award Player % Correct
All-Star Game MVPMichael Jordan
96.6%
Most Valuable PlayerMichael Jordan
96.6%
All-Star Game MVPKobe Bryant
94.1%
Most Valuable PlayerTim Duncan
93.9%
Most Valuable PlayerLeBron James
93.8%
All-Star Game MVPShaquille O'Neal
93.5%
Most Valuable PlayerShaquille O'Neal
93.5%
Most Valuable PlayerStephen Curry
93.4%
Most Valuable PlayerMagic Johnson
93.2%
Most Valuable PlayerLarry Bird
93.2%
Defensive Player of the YearHakeem Olajuwon
89.4%
Most Valuable PlayerHakeem Olajuwon
89.4%
All-Star Game MVPBill Russell
88.9%
Most Valuable PlayerBill Russell
88.9%
Defensive Player of the YearDraymond Green
88.5%
Most Valuable PlayerKareem Abdul-Jabbar
88.3%
Coach of the YearPhil Jackson
86.1%
Coach of the YearGregg Popovich
85.7%
Defensive Player of the YearKevin Garnett
85.6%
Most Improved PlayerPascal Siakam
81.3%
All-Star Game MVPJulius Erving
80.3%
J. Walter Kennedy Citizenship AwardJulius Erving
80.3%
Award Player % Correct
Defensive Player of the YearDennis Rodman
78.7%
Most Valuable PlayerWilt Chamberlain
74.9%
Most Valuable PlayerMoses Malone
71.6%
All-Star Game MVPJerry West
68.3%
Sixth Man of the YearKevin McHale
67.3%
All-Star Game MVPBob Cousy
67.2%
Most Valuable PlayerBob Cousy
67.2%
J. Walter Kennedy Citizenship AwardDavid Robinson
66.8%
All-Star Game MVPWillis Reed
58.8%
Most Valuable PlayerWillis Reed
58.8%
Coach of the YearRed Auerbach
56.1%
Sixth Man of the YearToni Kukoč
54.9%
All-Star Game MVPGeorge Mikan
53%
All-Star Game MVPBob Pettit
50.6%
Sixth Man of the YearBill Walton
44.8%
Sixth Man of the YearBobby Jones
40.3%
Defensive Player of the YearMichael Cooper
37%
All-Star Game MVPTiny Archibald
24.6%
Rookie of the YearTom Heinsohn
22.8%
Coach of the YearBill Sharman
14.5%
Coach of the YearRed Holzman
14%
Rookie of the YearJamaal Wilkes
9.5%
Remove Ads.
Support Sporcle.
Get the best of Sporcle when you Go Orange. This ad-free experience offers more features, more stats, and more fun while also helping to support Sporcle. Thank you for becoming a member.

You're not logged in!

Compare scores with friends on all Sporcle quizzes.
OR
Log In

Show Comments

Extras

Top Quizzes Today


Score Distribution

Your Account Isn't Verified!

In order to create a playlist on Sporcle, you need to verify the email address you used during registration. Go to your Sporcle Settings to finish the process.

Report this User

Report this user for behavior that violates our Community Guidelines.

Details: